000 00502cam a2200145 4500500
005 20251012010531.0
041 _afre
042 _adc
100 1 0 _aAllary, Guillaume
_eauthor
245 0 0 _aVincent Peillon, Jean-Fabien Spitz. Peut-on être socialiste et libéral ?
260 _c2008.
500 _a60
786 0 _nPhilosophie magazine | 21 | 7 | 2008-07-01 | p. 4-5 | 1951-1787
856 4 1 _uhttps://shs.cairn.info/magazine-philosophie-magazine-2008-7-page-4?lang=fr&redirect-ssocas=7080
999 _c1519607
_d1519607